000
00309nam a2200145Ia 4500
100
_a
Jones/ Russell A
942
_c
BK
654
_a
Computer
245
_a
Mastering Active Server Pages 3
260
_b
B.P.B Pub
_c
2000
082
_a
5.133
_b
JON/ASP
300
_a
890
546
_a
ENGLISH
999
_c
29136
_d
29136